Best Transfers of European Clubs of all time - Statistics

General Stats
  • This quiz has been taken 46 times
  • The average score is 9 of 13
Answer Stats
Signed For Signed From Nationality Player % Correct
Real Madrid Manchester United Portugal Cristiano Ronaldo
100%
Barcelona Newell’s Old Boys Academy Argentina Lionel Messi
100%
Manchester City VfL Wolfsburg Belgium Kevin De Bruyne
90%
Manchester United Cregagh Boys Club Northern Ireland George Best
77%
Liverpool Celtic Scotland Kenny Dalglish
72%
Inter Banfield Argentina Javier Zanetti
67%
Bayern Munich SC 1906 Munchen Academy Germany Franz Beckenbauer
62%
Chelsea West Ham United Academy England John Terry
59%
Ajax USV Elinkwijk Academy Netherlands Marco van Basten
59%
Paris-Saint Germain AS Roma Brazil Marquinhos
59%
Milan PSV Eindhoven Netherlands Ruud Gullit
59%
Juventus Padova Italy Alessandro Del Piero
56%
Borussia Dortmund Inter Germany Matthias Sammer
33%
No matching quizzes found
Score Distribution
Percent of People with Each Score
Percentile by Number Answered
Your Score History
You have not taken this quiz